000 00535nam a22001697a 4500
999 _c42318
_d42318
010 _aENG-100767
020 _c95.00
_a9789380008431
035 _aEN-84300
037 _bDBAD / PUB
082 _a616.079
100 _aA. Cholarajan
245 _aPractice manual for Clinical immunology microbiology and biochemistry /
_cby A. Cholarajan
260 _aPerambalur
_bMercury Publishers
_c2008
270 _aMercury Publishers
_bPerambalur
_e621212
300 _a104 p.
_c24cm (Pbk)
942 _2ddc
_cEN
_mCHO
_h616.079